| Tag |
First Indicator |
Second Indicator |
Subfields |
| LEADER |
00000nam a2200000Ia 4500 |
| 001 |
in00004270821 |
| 005 |
20200810074651.0 |
| 006 |
m g d |
| 007 |
cr bn |||a|bb| |
| 008 |
850823s1684 enk o 00| | eng d |
| 035 |
|
|
|a (OCoLC)12415638
|
| 040 |
|
|
|a EAA
|c EAA
|d m/c
|d WaOLN
|
| 037 |
|
|
|a CL0037000008
|b ProQuest Information and Learning. 300 N. Zeeb Rd., Ann Arbor, MI 48106
|
| 049 |
|
|
|a UMIA
|
| 100 |
1 |
|
|a Forster, Richard,
|d 1650-1729.
|
| 245 |
1 |
0 |
|a Prerogative and privilege represented in a sermon in the cathedral church of Rochester in Kent, March 18, 1683/4 ... :
|b preach'd and publish'd at the request of Archibald Clinkard, Esquire ... /
|c by Rich. Forster ...
|
| 260 |
|
|
|a London :
|b Printed for B. Tooke and W. Kettilby ...,
|c 1684.
|
| 300 |
|
|
|a 1 online resource ([4], 35 pages)
|
| 336 |
|
|
|a text
|b txt
|2 rdacontent
|
| 337 |
|
|
|a computer
|b c
|2 rdamedia
|
| 338 |
|
|
|a online resource
|b cr
|2 rdacarrier
|
| 500 |
|
|
|a Errata: pages 35.
|
| 500 |
|
|
|a Reproduction of original in Huntington Library.
|
| 510 |
4 |
|
|a Wing
|c F1606
|
| 510 |
4 |
|
|a Arber's Term cat.
|c II 69
|
| 510 |
4 |
|
|a McAlpin Coll.
|c IV 167
|
| 533 |
|
|
|a Electronic reproduction.
|b Ann Arbor, Mich. :
|c UMI,
|d 1999-
|f (Early English books online)
|n Digital version of: (Early English books, 1641-1700 ; 277:4)
|7 s1999 miun s
|
| 650 |
|
0 |
|a Government, Resistance to
|v Sermons.
|
| 650 |
|
0 |
|a Allegiance
|v Sermons.
|
| 650 |
|
0 |
|a Sermons, English.
|
| 830 |
|
0 |
|a Early English books online.
|
| 856 |
4 |
0 |
|u http://proxy.library.tamu.edu/login?url=https://search.proquest.com/docview/2240960860
|z Connect to the full text of this electronic book
|t 0
|
| 999 |
f |
f |
|s 5d651c60-d9df-3237-bf11-d6bf0b8569c4
|i 37be6ce4-1a74-3ff6-b3e4-67edcf51832f
|t 0
|
| 952 |
f |
f |
|a Texas A&M University
|b College Station
|c Electronic Resources
|d Available Online
|t 0
|h No information provided
|
| 998 |
f |
f |
|t 0
|l Available Online
|